Vista normal
Vista MARC
Entrada Materia (personas)
Número de registros utilizados en: 5
001 - CONTROL NUMBER
- control field: 66179
003 - CONTROL NUMBER IDENTIFIER
- control field: Co-BoUCM
005 - DATE AND TIME OF LATEST TRANSACTION
- control field: 20141203080146.0
008 - FIXED-LENGTH DATA ELEMENTS
- fixed length control field: 141203|| aca||aabn | a|a d
040 ## - CATALOGING SOURCE
- Original cataloging agency: Co-BoUCM
- Transcribing agency: Co-BoUCM
100 ## - HEADING--PERSONAL NAME
- Personal name: Drucker, Peter F.
- Fuller form of name: (Peter Ferdinand)
- Dates associated with a name: 1909-2005
670 ## - SOURCE DATA FOUND
- Source citation: Work cat.: (Co-BoUCM)297732: Drucker, Peter F. (Peter Ferdinand) 1909-2005, Managing the non-profit organization, 2005